00596nam a22001577a 450000500170000000800410001702000290005804000090008708200190009610000200011524500630013526000550019830000420025349000770029570000660037220221026121810.0221019b sa ||||| |||| 00| 0 eng d a9781770098831qPaperback c3228 a323.40968 GERH aGerhart, Gail M aFrom Protest to Challenge 4: Political Profiles, 1882-1990 aAuckland Park, South Africa;bJacana Media,c2017. axxi, 649 Pages:bIllustration,c24 cm aA documentary History of African Politics In South Africa, 1882-1990v4 aTeresa Barnes, Antony Bugg-Levine, Thomas Karis, Nimrod Nkele